[Event "Lippe Cup 05th"]
[Site "Lieme"]
[Date "2008.09.28"]
[Round "5"]
[White "Gutman, Lev"]
[Black "Schael, Thomas"]
[Result "1-0"]
[WhiteElo "2497"]
[BlackElo "1958"]
[PlyCount "71"]
[EventDate "2008.09.26"]
[EventType "swiss"]
[EventRounds "5"]
[EventCountry "GER"]
[SourceTitle "EXT 2012"]
[Source "ChessBase"]
[SourceDate "2011.11.24"]
[SourceVersion "1"]
[SourceVersionDate "2011.11.24"]
[SourceQuality "1"]

1. Nf3 c5 2. g3 Nc6 3. d4 cxd4 4. Nxd4 g6 5. Bg2 Bg7 6. Nxc6 bxc6 7. 0-0 Nf6 8. Nd2 0-0 9. Nb3 Qc7 10. Bd2 Nd5 11. c4 Nb6 12. Qc2 Rb8 13. Bf4 e5 14. Be3 Bb7 15. Rfd1 Rbd8 16. Na5 Ba8 17. b4 Nc8 18. Qd2 d6 19. b5 Ne7 20. Rab1 cxb5 21. cxb5 Bxg2 22. Kxg2 Nf5 23. Nc6 Nxe3+ 24. Qxe3 Rd7 25. Qe4 h6 26. a4 Rc8 27. Qd5 Kh7 28. Rdc1 Qb7 29. e4 f5 30. exf5 gxf5 31. f3 Rf8 32. a5 Rf6 33. Rc4 Qa8 34. Rd1 Rg6 35. f4 e4 36. Qxf5 1-0

[Event "Lippe Cup 05th"]
[Site "Lieme"]
[Date "2008.09.27"]
[Round "3"]
[White "Kraetzer, Ruediger"]
[Black "Schael, Thomas"]
[Result "0-1"]
[WhiteElo "2086"]
[BlackElo "1958"]
[PlyCount "62"]
[EventDate "2008.09.26"]
[EventType "swiss"]
[EventRounds "5"]
[EventCountry "GER"]
[SourceTitle "EXT 2012"]
[Source "ChessBase"]
[SourceDate "2011.11.24"]
[SourceVersion "1"]
[SourceVersionDate "2011.11.24"]
[SourceQuality "1"]

1. d4 Nf6 2. Bg5 d5 3. Bxf6 exf6 4. e3 Be7 5. c4 0-0 6. Nc3 dxc4 7. Bxc4 a6 8. a4 Nc6 9. Nge2 Bd6 10. 0-0 f5 11. Bd5 Ne7 12. Bf3 c6 13. Qd3 Ng6 14. g3 Re8 15. Rfd1 Be6 16. Bg2 Qc7 17. Rac1 Qa5 18. d5 Ne5 19. Qd4 c5 20. Qd2 Bd7 21. Qc2 b5 22. axb5 axb5 23. Nf4 b4 24. Nce2 c4 25. Nd4 b3 26. Qe2 Qb6 27. Nc6 Ra2 28. Rd2 Bb4 29. Nxb4 Qxb4 30. Rc3 Rxb2 31. Rxb2 Qxc3 0-1

[Event "Lippe Cup 04th"]
[Site "Lieme"]
[Date "2007.09.29"]
[Round "3"]
[White "Fenner, Martin"]
[Black "Schael, Thomas"]
[Result "1-0"]
[WhiteElo "2062"]
[BlackElo "1794"]
[PlyCount "79"]
[EventDate "2007.09.28"]
[EventType "swiss"]
[EventRounds "5"]
[EventCountry "GER"]
[SourceTitle "EXT 2012"]
[Source "ChessBase"]
[SourceDate "2011.11.24"]
[SourceVersion "1"]
[SourceVersionDate "2011.11.24"]
[SourceQuality "1"]

1. d4 Nf6 2. c4 c5 3. d5 b5 4. cxb5 a6 5. f3 axb5 6. e4 d6 7. Bxb5+ Bd7 8. Bc4 g6 9. Ne2 Bg7 10. 0-0 0-0 11. Nbc3 Na6 12. Rb1 Qb6 13. Be3 Rfb8 14. h3 Nc7 15. b4 Qa7 16. bxc5 Rxb1 17. Qxb1 Rb8 18. Qd3 dxc5 19. Rb1 Rxb1+ 20. Qxb1 Nfe8 21. Qb3 Nd6 22. Kf2 Bd4 23. f4 Nb7 24. Qd1 Na5 25. Nxd4 Nxc4 26. Nc6 Bxc6 27. dxc6 Nxe3 28. Qd8+ Kg7 29. Kxe3 Ne6 30. Qd5 c4+ 31. Kf3 Qg1 32. Qxc4 Nxf4 33. Kxf4 f6 34. Kg3 Qe3+ 35. Kh2 Qf4+ 36. Kg1 Qe3+ 37. Kf1 Qc1+ 38. Ke2 Qg1 39. Kf3 e5 40. c7 1-0

[Event "Lippe Cup 04th"]
[Site "Lieme"]
[Date "2007.09.29"]
[Round "2"]
[White "Schael, Thomas"]
[Black "Ruerup, Hans Heinz"]
[Result "1-0"]
[WhiteElo "1794"]
[BlackElo "1976"]
[PlyCount "77"]
[EventDate "2007.09.28"]
[EventType "swiss"]
[EventRounds "5"]
[EventCountry "GER"]
[SourceTitle "EXT 2012"]
[Source "ChessBase"]
[SourceDate "2011.11.24"]
[SourceVersion "1"]
[SourceVersionDate "2011.11.24"]
[SourceQuality "1"]

1. c4 c6 2. g3 Nf6 3. Bg2 d5 4. d4 dxc4 5. Nf3 Bf5 6. 0-0 h6 7. Nbd2 e6 8. Nxc4 Nbd7 9. Bf4 Nb6 10. Na5 Qc8 11. Ne5 Be4 12. f3 Bh7 13. e4 Bb4 14. Bd2 Bxd2 15. Qxd2 0-0 16. Rac1 Qc7 17. Qb4 Rfe8 18. Rfd1 Qe7 19. Qb3 Rac8 20. Nd3 Nfd7 21. Nxb7 Rb8 22. Na5 Qg5 23. Nxc6 Rbc8 24. f4 Qh5 25. Rd2 Nf6 26. Nf2 g5 27. Bf3 Qg6 28. fxg5 Qxg5 29. Rdc2 Rc7 30. Rc5 Qg7 31. a4 Kh8 32. Ne5 Rxc5 33. Rxc5 h5 34. Rc7 Bg6 35. Rxa7 Nc8 36. Rc7 Nd6 37. Nxg6+ Qxg6 38. e5 Nd5 39. exd6 1-0

[Event "Lippe Cup 04th"]
[Site "Lieme"]
[Date "2007.09.28"]
[Round "1"]
[White "Scharnowski, Tobias"]
[Black "Schael, Thomas"]
[Result "1-0"]
[WhiteElo "2112"]
[BlackElo "1794"]
[PlyCount "47"]
[EventDate "2007.09.28"]
[EventType "swiss"]
[EventRounds "5"]
[EventCountry "GER"]
[SourceTitle "EXT 2012"]
[Source "ChessBase"]
[SourceDate "2011.11.24"]
[SourceVersion "1"]
[SourceVersionDate "2011.11.24"]
[SourceQuality "1"]

1. e4 c5 2. Nf3 e6 3. d4 cxd4 4. Nxd4 a6 5. Bd3 Qc7 6. 0-0 Nc6 7. Nb3 Nf6 8. f4 d6 9. a4 Be7 10. Qe2 Nb4 11. Bd2 Nxc2 12. Ba5 b6 13. Bxc2 bxa5 14. Kh1 e5 15. Nc3 Be6 16. Nd2 0-0 17. f5 Bd7 18. Nc4 Rfc8 19. Ne3 Rab8 20. Bd3 Qb7 21. Bxa6 Qxb2 22. Qxb2 Rxb2 23. Bxc8 Bxc8 24. Rab1 1-0